Élèves promotion 2006 Massillon (nom de famille) - Statistiques

Statistiques générales
  • Ce quiz a été pris 9 fois
  • Le résultat moyen est 20 sur 153
Statistiques - réponses
Réponse % Correct
Assouline
33%
Audoli
33%
Baubérot
33%
Bellier
33%
Campion
33%
Corriou
33%
De la Barre de Nanteuil
33%
Delaroziere
33%
Devy
33%
Dienstag-Tessier
33%
Etile
33%
Gampel
33%
Hanss
33%
Henry
33%
Hughes
33%
Onen
33%
Pulcini
33%
Raviart
33%
Schwell
33%
Balmès
17%
Barrault
17%
Barthet
17%
Boranian
17%
Boucanseau
17%
Boudet Jean
17%
Bouju
17%
Breton
17%
Bunn
17%
Cadieux
17%
Caillat
17%
Carr
17%
Censier
17%
Charpentier
17%
Deloumeaux
17%
Denerier
17%
Descostes
17%
Deshautels
17%
Desmoulins
17%
Di Puglia
17%
Djegadissane
17%
Drion
17%
Duhamel
17%
Esper
17%
Fabre
17%
Fleury-Menant
17%
Foin
17%
Forde
17%
Fourcade
17%
Frichet
17%
Galletti
17%
Garrigue
17%
Gegauff
17%
Girard
17%
Gosset
17%
Grafin Von Sponeck
17%
Guillo
17%
Heulin-Bossiere
17%
Hiblot
17%
Invernizzi
17%
Jaigu
17%
Karoff
17%
Kessler
17%
König
17%
Koretzky
17%
Kühner
17%
Laloum
17%
Lanteri-Laura
17%
Lecuit
17%
Leloup
17%
Lhernault
17%
Livingstone-Wallace
17%
Louka
17%
Maillot
17%
Marion
17%
Martinovic
17%
Matheson
17%
Mercadal
17%
Minelle
17%
Moulin
17%
Müller-Wirth
17%
Pagosse
17%
Papillard
17%
Poncelet
17%
Rall
17%
Rothe-Azocar
17%
Rouges
17%
Saligari
17%
Schaepelynck
17%
Simon
17%
Smets
17%
Tacherifet
17%
Tekam-Caunezil
17%
Texier
17%
Thierry
17%
Tirot
17%
Vasseur
17%
Villanueva
17%
Weil
17%
Xu
17%
Zabotto
17%
Zadegan
17%
Adelaide Soudin
0%
Arjona Jacobi
0%
Bergeron-Maldjian
0%
Bontoux
0%
Brunot-Mueller
0%
Catala
0%
Cheyrie
0%
Cladel-Kerspern
0%
Collet-Arino
0%
Coudert
0%
Coulon
0%
Delahaye
0%
Delourme-D'Eliassy
0%
Dorlencourt
0%
Du Fayet de la Tour
0%
Duverger
0%
Fen-Chong-Jouve
0%
Galindo Mendonça
0%
Garcia
0%
Hériard-Dubreuil
0%
Herold
0%
Heuzé
0%
Kas Hanna
0%
Laguerre
0%
Laignel
0%
Larzilliere
0%
Lefebvre
0%
Lefevre-Le Gal
0%
Le Saouter
0%
Mahe
0%
Majnoni d’intignano
0%
Marin
0%
Meline
0%
Metz
0%
Monnier
0%
Moser
0%
Ni
0%
Planchon-Fried
0%
Preuss
0%
Rayrole
0%
Reboulet
0%
Ricoux
0%
Rivet-Loonen
0%
Sennewald
0%
Taravella
0%
Trigo-Arameyo
0%
Viaud-Favre
0%
Vielliard
0%
Von Rumohr
0%
Wattez-Richard
0%
Aucun quiz correspondant
Distribution des résultats
% des personnes avec chaque résultat
Percentile par nombre de réponses
Votre historique - résultats
Vous n’avez pas pris ce quiz